La escuela del próximo milenio propuesta para el mejoramiento de la calidad de la educación en el Distrito Capital
Este es un análisis de la problemática de la calidad de la educación en el Distrito y ubica aspectos que contribuyen de manera positiva y negativa al desarrollo de una educación más acorde con las necesidades y configura la escuela del próximo milenio.
Gardado en:
| Autor Principal: | |
|---|---|
| Formato: | Libro |
| Idioma: | Spanish |
| Publicado: |
Bogotá:
Universidad Externado de Colombia. Fac. de Ciencias de la Educación,
1997.
|
| Series: | Temas de educación;
No. 4 |
| Subjects: | |
| Acceso en liña: | Enlace del recurso |
| Tags: |
Engadir etiqueta
Sen Etiquetas, Sexa o primeiro en etiquetar este rexistro!
|
MARC
| LEADER | 00000nam a2200000 a 4500 | ||
|---|---|---|---|
| 001 | 000979 | ||
| 008 | 030429s1997 ck # fr# #000|0#spa#d | ||
| 020 | |a 958-616-338-5 | ||
| 041 | 0 | |a spa | |
| 043 | |a s-ck--- | ||
| 100 | 1 | |a Ochoa, Miryam L. | |
| 245 | 1 | 3 | |a La escuela del próximo milenio propuesta para el mejoramiento de la calidad de la educación en el Distrito Capital |c Miryam L. Ochoa |
| 260 | |a Bogotá: |b Universidad Externado de Colombia. Fac. de Ciencias de la Educación, |c 1997. | ||
| 300 | |a 79 p. | ||
| 440 | 0 | |a Temas de educación; |v No. 4 | |
| 504 | |a Incluye bibliografía. | ||
| 520 | 3 | |a Este es un análisis de la problemática de la calidad de la educación en el Distrito y ubica aspectos que contribuyen de manera positiva y negativa al desarrollo de una educación más acorde con las necesidades y configura la escuela del próximo milenio. | |
| 650 | 1 | 4 | |a EDUCACIÓN |z COLOMBIA |
| 999 | |c 3131 |d 3131 | ||
| 856 | |u https://catalogo.idep.edu.co/cgi-bin/koha/opac-detail.pl?biblionumber=3131 |z Enlace del recurso | ||